La información
Збережено в:
| Автор: | |
|---|---|
| Формат: | Невідомо |
| Мова: | Spanish |
| Опубліковано: |
Barcelona, España:
Oikous-tau,
1970
|
| Предмети: | |
| Теги: |
Додати тег
Немає тегів, Будьте першим, хто поставить тег для цього запису!
|
MARC
| LEADER | 000000000a22000000004500 | ||
|---|---|---|---|
| 001 | 000084 | ||
| 008 | 180129b xxu||||| |||| 00| 0 spa d | ||
| 041 | 0 | |a español | |
| 082 | 0 | 4 | |a 323.444 |b T328i |
| 100 | 1 | |a Terrou, Fernand | |
| 245 | 1 | 0 | |a La información |
| 246 | |a L´information | ||
| 260 | |a Barcelona, España: |b Oikous-tau, |c 1970 | ||
| 300 | |a 126 páginas | ||
| 500 | |a Donación Gaston Gaínza Álvarez | ||
| 650 | 4 | |a LIBERTAD DE PRENSA | |
| 650 | 4 | |a FRANCIA | |
| 942 | |2 ddc |c BK | ||
| 999 | |c 974 |d 974 | ||
